[Event "Titled Tue 24th Jun Early"]
[Site "chess.com INT"]
[Date "2025.06.24"]
[Round "1"]
[White "Van Essen, Mark"]
[Black "Karpenko, Anton"]
[Result "0-1"]
[WhiteTitle "CM"]
[BlackTitle "CM"]
[WhiteElo "2176"]
[BlackElo "2219"]
[WhiteFideId "1012819"]
[BlackFideId "34374353"]
[EventDate "2025.06.24"]

1. e4 c5 2. Nf3 Nc6 3. d4 cxd4 4. Nxd4 g6 5. c4 Bg7 6. Be3 Qb6 7. Nxc6 Qxc6 8.
Nc3 Bxc3+ 9. bxc3 Qxe4 10. Qd4 Nf6 11. Bd3 Qxd4 12. cxd4 b6 13. d5 d6 14. Bd4
O-O 15. Bxf6 exf6 16. O-O Ba6 17. Rfe1 Rfe8 18. Kf1 Rxe1+ 19. Rxe1 Kf8 20. f4 f5
21. Ke2 Rc8 22. Rc1 b5 23. c5 dxc5 24. Rd1 Ke7 25. a4 c4 26. Bc2 b4 27. Ke3 b3
28. Bb1 c3 29. Bd3 0-1

[Event "Titled Tue 24th Jun Early"]
[Site "chess.com INT"]
[Date "2025.06.24"]
[Round "1"]
[White "Zhalmakhanov, Ramazan"]
[Black "Xalmatov, Yakubjon"]
[Result "0-1"]
[WhiteTitle "GM"]
[BlackTitle "CM"]
[WhiteElo "2463"]
[BlackElo "2096"]
[WhiteFideId "13706357"]
[BlackFideId "14201615"]
[EventDate "2025.06.24"]

1. d4 Nf6 2. Bf4 d5 3. Nc3 c5 4. e3 cxd4 5. exd4 a6 6. Nf3 Nc6 7. Ne5 Qb6 8. Na4
Qa5+ 9. c3 e6 10. Nxc6 bxc6 11. Bd3 Bd7 12. b4 Qd8 13. Nc5 Bc8 14. O-O Bd6 15.
Qf3 O-O 0-1

[Event "Titled Tue 24th Jun Early"]
[Site "chess.com INT"]
[Date "2025.06.24"]
[Round "1"]
[White "Roebers, Jan"]
[Black "Mizzi, Jack"]
[Result "0-1"]
[WhiteTitle "FM"]
[BlackTitle "CM"]
[WhiteElo "2056"]
[BlackElo "2107"]
[WhiteFideId "1007815"]
[BlackFideId "5602521"]
[EventDate "2025.06.24"]

1. e4 c6 2. Nc3 d5 3. Nf3 Bg4 4. h3 Bxf3 5. Qxf3 d4 6. Ne2 e5 7. d3 Nd7 8. a3
Ngf6 9. Ng3 g6 10. Be2 Bg7 11. O-O O-O 12. Bg5 h6 13. Bd2 Kh7 14. Nh1 Qe7 15. g4
Ne8 16. Qg3 f5 17. gxf5 gxf5 18. exf5 Rxf5 19. Bf3 Nd6 20. Be4 Nxe4 21. dxe4 Rf6
22. Kh2 Rg6 23. Qd3 Rg8 24. f4 exf4 25. Bxf4 Be5 26. Qe2 Qg5 27. Qg4 Qxg4 28.
hxg4 Rxg4 29. Bxe5 Rh4# 0-1

[Event "Titled Tue 24th Jun Early"]
[Site "chess.com INT"]
[Date "2025.06.24"]
[Round "1"]
[White "Swaminathan, Pranav"]
[Black "Alonso Rosell, Alvar"]
[Result "0-1"]
[BlackTitle "GM"]
[WhiteElo "2113"]
[BlackElo "2536"]
[WhiteFideId "30970482"]
[BlackFideId "2270544"]
[EventDate "2025.06.24"]

1. e4 c6 2. Nf3 d5 3. d3 e6 4. Bf4 c5 5. Nbd2 Nc6 6. g3 Nge7 7. exd5 Nxd5 8. Bg2
Nxf4 9. gxf4 Bd6 10. Ne4 Bxf4 11. O-O Qe7 12. Nfd2 O-O 13. Nb3 b6 14. Nexc5 bxc5
15. Bxc6 Qh4 16. Re1 Rb8 17. Qf3 e5 18. Re4 Bg4 19. Qg2 Bh3 20. Qf3 Rb6 21. Rxf4
exf4 22. Nxc5 Qg5+ 23. Kh1 Qxc5 0-1

[Event "Titled Tue 24th Jun Early"]
[Site "chess.com INT"]
[Date "2025.06.24"]
[Round "1"]
[White "Burovic, Rijad"]
[Black "Babayeva, Nasrin"]
[Result "1-0"]
[WhiteTitle "IM"]
[BlackTitle "WFM"]
[WhiteElo "2420"]
[BlackElo "1936"]
[WhiteFideId "14407701"]
[BlackFideId "13416626"]
[EventDate "2025.06.24"]

1. e4 e5 2. f4 exf4 3. Nf3 g5 4. Nc3 Bg7 5. g3 fxg3 6. d4 h6 7. hxg3 d6 8. Be3
Ne7 9. Qd2 Nbc6 10. O-O-O Bg4 11. Be2 Qd7 12. Rhf1 O-O-O 13. d5 Ne5 14. Nxe5
Bxe5 15. Rxf7 Bxc3 16. bxc3 Bxe2 17. Qxe2 Rdf8 18. Rdf1 Qe8 19. R7f6 Kb8 20. Bd4
Ng6 21. Re6 Rxf1+ 22. Qxf1 Qf8 23. Qxf8+ 1-0

[Event "Titled Tue 24th Jun Early"]
[Site "chess.com INT"]
[Date "2025.06.24"]
[Round "1"]
[White "Boci, Mateu"]
[Black "Novikova, Marharyta"]
[Result "1-0"]
[WhiteTitle "FM"]
[BlackTitle "WCM"]
[WhiteElo "2274"]
[BlackElo "1974"]
[WhiteFideId "4704665"]
[BlackFideId "14109689"]
[EventDate "2025.06.24"]

1. e4 d5 2. exd5 Nf6 3. d4 Nxd5 4. c4 Nb6 5. Nf3 g6 6. Nc3 Bg7 7. Be2 Bg4 8. Be3
Nc6 9. d5 Bxf3 10. Bxf3 Ne5 11. c5 Nxf3+ 12. Qxf3 Nc4 13. O-O-O Nxe3 14. Qxe3
O-O 15. Kb1 Qd7 16. h4 b5 17. h5 b4 18. Ne4 Qf5 19. Rd2 a5 20. f3 Rfd8 21. g4
Qe5 22. f4 Rxd5 23. fxe5 Rxe5 24. hxg6 1-0

[Event "Titled Tue 24th Jun Early"]
[Site "chess.com INT"]
[Date "2025.06.24"]
[Round "1"]
[White "Cornelisse, Lorelei"]
[Black "Galperin, Platon"]
[Result "0-1"]
[WhiteTitle "WFM"]
[BlackTitle "GM"]
[WhiteElo "2138"]
[BlackElo "2500"]
[WhiteFideId "1087177"]
[BlackFideId "14165414"]
[EventDate "2025.06.24"]

1. d4 Nf6 2. Nc3 d5 3. Bf4 c5 4. e3 Bg4 5. Be2 Bxe2 6. Qxe2 cxd4 7. exd4 Nc6 8.
Nf3 e6 9. O-O Be7 10. Rfe1 O-O 11. Rad1 Rc8 12. Ne5 Bb4 13. Rd3 Ne4 14. f3 Nxe5
15. Bxe5 Nxc3 16. bxc3 Bxc3 17. Rb1 Qd7 18. Qe3 Ba5 19. c3 f6 20. Bg3 Rc6 21.
Be1 Rfc8 22. Bd2 a6 23. h4 b5 24. Re1 Bb6 25. Kh1 e5 26. Qe2 exd4 27. cxd4 Rc2
28. Qe3 Kf7 29. Qf4 Bc7 0-1

[Event "Titled Tue 24th Jun Early"]
[Site "chess.com INT"]
[Date "2025.06.24"]
[Round "1"]
[White "Kravtsiv, Martyn"]
[Black "Sabatier, Mathis"]
[Result "1-0"]
[WhiteTitle "GM"]
[BlackTitle "CM"]
[WhiteElo "2598"]
[BlackElo "2235"]
[WhiteFideId "14113147"]
[BlackFideId "26029685"]
[EventDate "2025.06.24"]

1. e4 c5 2. Nc3 d6 3. f4 g6 4. Nf3 Bg7 5. Bb5+ Bd7 6. Bc4 Nc6 7. d3 e6 8. f5
exf5 9. O-O Nge7 10. Qe1 O-O 11. Qh4 fxe4 12. Ng5 h5 13. Nxf7 Rxf7 14. Bxf7+ Kh7
15. Nxe4 Nf5 16. Qxd8 Rxd8 17. Ng5+ Kh8 18. Bxg6 Bd4+ 19. Kh1 Kg7 20. Bxf5 Rf8
21. c3 Be5 22. Ne6+ Bxe6 23. Bh6+ Kxh6 24. Bxe6 Re8 25. Bd5 Nd8 26. Rae1 b5 27.
d4 1-0

[Event "Titled Tue 24th Jun Early"]
[Site "chess.com INT"]
[Date "2025.06.24"]
[Round "1"]
[White "Keatinge-Clay, Adrian"]
[Black "Ratkovic, Miloje"]
[Result "0-1"]
[WhiteTitle "FM"]
[BlackTitle "GM"]
[WhiteElo "2232"]
[BlackElo "2489"]
[WhiteFideId "2011867"]
[BlackFideId "914517"]
[EventDate "2025.06.24"]

1. d4 d6 2. c4 Nf6 3. Nc3 Nbd7 4. Nf3 e5 5. e3 g6 6. Be2 Bg7 7. O-O O-O 8. Rb1
Re8 9. b4 e4 10. Nd2 h5 11. Nb3 h4 12. h3 Nf8 13. d5 N8h7 14. Nd4 Ng5 15. f4
exf3 16. Bxf3 Qe7 17. Qd3 Nfe4 18. Nxe4 Nxe4 19. Bxe4 Qxe4 20. Qxe4 Rxe4 21. Nb5
Rxc4 22. Bb2 Bf5 23. Rbc1 Rxc1 24. Bxc1 Bd3 25. Nxc7 Rc8 26. Rd1 Rxc7 27. Rxd3
Rxc1+ 28. Kf2 Be5 29. Kf3 f5 30. Ra3 a6 31. b5 axb5 32. Rb3 Rc5 33. e4 Kf7 34.
Ra3 Kf6 35. Ra7 Rc3+ 36. Ke2 fxe4 37. Rxb7 Bf4 38. Rxb5 Rc2+ 39. Kf1 e3 40. Rb1
e2+ 41. Kf2 Bg3+ 42. Kf3 e1=Q 0-1

[Event "Titled Tue 24th Jun Early"]
[Site "chess.com INT"]
[Date "2025.06.24"]
[Round "1"]
[White "Newansa, M Esandi"]
[Black "Puzyrevsky, Semyon"]
[Result "0-1"]
[WhiteTitle "WCM"]
[BlackTitle "FM"]
[WhiteElo "1945"]
[BlackElo "2292"]
[WhiteFideId "9999060"]
[BlackFideId "24240931"]
[EventDate "2025.06.24"]

1. d4 Nf6 2. Bf4 d5 3. e3 c5 4. c3 Nc6 5. Nd2 Bf5 6. Ngf3 e6 7. Qb3 Qb6 8. Qxb6
axb6 9. Bb5 Nd7 10. O-O f6 11. Bg3 Ra5 12. a4 Na7 13. Nb3 Nxb5 14. Nxa5 Nxc3 15.
Nxb7 Ne2+ 16. Kh1 Nxg3+ 17. hxg3 Bd3 18. a5 Bxf1 19. a6 Bxa6 20. Rxa6 c4 21.
Ra8+ Ke7 22. Nd8 g5 23. e4 Bg7 24. Nc6+ Kd6 25. Rxh8 Bxh8 26. exd5 exd5 27. Nb4
Bg7 28. Kg1 Bf8 29. Kf1 b5 30. Ke2 Nb8 31. Kd2 Ke6 32. Nc2 Nc6 33. Ne3 h5 34. g4
hxg4 35. Nxg4 Bb4+ 36. Kc2 Ba5 37. Ne3 Bb6 38. Kc3 b4+ 39. Kc2 Nxd4+ 40. Nxd4+
Bxd4 41. Nd1 g4 42. Kd2 f5 43. Ke2 f4 44. g3 f3+ 45. Kd2 Ke5 46. Kc2 Ke4 47. Kd2
Bxb2 48. Nxb2 c3+ 49. Kc2 cxb2 0-1

[Event "Titled Tue 24th Jun Early"]
[Site "chess.com INT"]
[Date "2025.06.24"]
[Round "1"]
[White "Steinberg, Nitzan"]
[Black "Veiga, Jose Francisco R P Neves"]
[Result "1-0"]
[WhiteTitle "GM"]
[BlackTitle "IM"]
[WhiteElo "2554"]
[BlackElo "2390"]
[WhiteFideId "2801795"]
[BlackFideId "1930087"]
[EventDate "2025.06.24"]

1. d4 Nf6 2. Nf3 e6 3. Bf4 d5 4. e3 c5 5. Nbd2 Nc6 6. c3 cxd4 7. exd4 Nh5 8. Bg5
f6 9. Bh4 g6 10. Nb3 Ng7 11. Bd3 Bd6 12. Bg3 O-O 13. O-O e5 14. dxe5 fxe5 15.
Bb5 Qc7 16. Qxd5+ Be6 17. Qe4 Nf5 18. Rad1 Nxg3 19. hxg3 Rad8 20. Bc4 Bxc4 21.
Qxc4+ Kg7 22. Ng5 1-0

[Event "Titled Tue 24th Jun Early"]
[Site "chess.com INT"]
[Date "2025.06.24"]
[Round "1"]
[White "Foerster-Yialamas, Lucas"]
[Black "Aakash, G"]
[Result "0-1"]
[WhiteTitle "CM"]
[BlackTitle "FM"]
[WhiteElo "2060"]
[BlackElo "2123"]
[WhiteFideId "30901774"]
[BlackFideId "25644394"]
[EventDate "2025.06.24"]

1. e4 e6 2. d4 d5 3. exd5 exd5 4. Nf3 Nf6 5. Bd3 c5 6. c3 Nc6 7. O-O Be7 8. Bf4
O-O 9. Ne5 Qb6 10. Nxc6 bxc6 11. Qd2 cxd4 12. cxd4 Ba6 13. Bxa6 Qxa6 14. Nc3 Bb4
15. f3 Rfe8 16. Rfe1 h6 17. a3 Ba5 18. Be3 Rab8 19. Qc2 Re6 20. Bf2 Rxe1+ 21.
Rxe1 Qc4 22. Re7 Bb6 23. b3 Qa6 24. Na4 Kf8 25. Re3 Bxd4 26. Re1 Bxf2+ 27. Kxf2
Kg8 28. Rc1 Qb5 29. b4 d4 30. Qxc6 Qg5 31. Re1 d3 32. Qc3 Rd8 33. Rd1 Qf4 34. g3
Ne4+ 35. Kg2 Nxc3 0-1

[Event "Titled Tue 24th Jun Early"]
[Site "chess.com INT"]
[Date "2025.06.24"]
[Round "1"]
[White "Tang, Dylan"]
[Black "Swara Lakshmi S Nair"]
[Result "0-1"]
[WhiteTitle "FM"]
[BlackTitle "WCM"]
[WhiteElo "2236"]
[BlackElo "2187"]
[WhiteFideId "30972531"]
[BlackFideId "25629239"]
[EventDate "2025.06.24"]

1. e4 c5 2. Nf3 Nc6 3. d4 cxd4 4. Nxd4 Nf6 5. Nc3 e5 6. Ndb5 d6 7. Bg5 a6 8. Na3
Be7 9. Nc4 Be6 10. Bxf6 gxf6 11. Ne3 b5 12. Be2 Rc8 13. Bg4 Nd4 14. O-O O-O 15.
Ncd5 Kh8 16. c3 Nc6 17. Bf5 Rg8 18. Qh5 Rg7 19. Rad1 Qg8 20. Qh3 Rg5 21. g3 Rd8
22. f4 exf4 23. Rxf4 Ne5 24. Rdf1 Ng6 25. Bxg6 Bxh3 26. Nxe7 Qf8 27. Rh4 fxg6
28. Rxh3 Qxe7 29. Nd5 Rxd5 30. exd5 Qe3+ 31. Kh1 Qe4+ 32. Kg1 Re8 33. Rh4 Qxd5
34. Re4 Qxe4 0-1

[Event "Titled Tue 24th Jun Early"]
[Site "chess.com INT"]
[Date "2025.06.24"]
[Round "1"]
[White "Pontes, Luiz Felizola Lima"]
[Black "Goncharov, Vladimir"]
[Result "0-1"]
[WhiteElo "2062"]
[BlackElo "2077"]
[WhiteFideId "44709919"]
[BlackFideId "34162256"]
[EventDate "2025.06.24"]

1. Nf3 Nf6 2. g3 c5 3. Bg2 Nc6 4. O-O d6 5. d3 g6 6. Nbd2 Bg7 7. e4 O-O 8. Re1
Bg4 9. h3 Bxf3 10. Nxf3 Nd7 11. c3 Rb8 12. a4 a6 13. Be3 b5 14. axb5 axb5 15. d4
b4 16. c4 cxd4 17. Nxd4 Nxd4 18. Bxd4 Bxd4 19. Qxd4 Nc5 20. Qe3 e5 21. f4 Ne6
22. fxe5 dxe5 23. Ra7 Nd4 24. Rd1 Qb6 0-1

[Event "Titled Tue 24th Jun Early"]
[Site "chess.com INT"]
[Date "2025.06.24"]
[Round "1"]
[White "Mattenberger, Matthias"]
[Black "Carlsen, Magnus"]
[Result "0-1"]
[WhiteTitle "FM"]
[BlackTitle "GM"]
[WhiteElo "2286"]
[BlackElo "2837"]
[WhiteFideId "1339958"]
[BlackFideId "1503014"]
[EventDate "2025.06.24"]

1. d4 e6 2. c4 f5 3. Nf3 Nf6 4. g3 Bb4+ 5. Nbd2 b6 6. Bg2 Bb7 7. O-O O-O 8. a3
Bxd2 9. Bxd2 Be4 10. Bf4 a5 11. Rc1 a4 12. Nd2 Bxg2 13. Kxg2 Nc6 14. Nf3 Ne7 15.
Qd3 h6 16. h4 d6 17. Bd2 Qd7 18. Bc3 Rad8 19. Nd2 f4 20. gxf4 Nh5 21. e3 Rxf4
22. Rh1 Rdf8 23. Rcf1 e5 24. Qe2 Rg4+ 25. Kh2 Rxh4+ 26. Kg2 Rg4+ 27. Kh2 Qf5 28.
f3 Rh4+ 29. Kg2 Qg6+ 30. Kf2 Qg3# 0-1

[Event "Titled Tue 24th Jun Early"]
[Site "chess.com INT"]
[Date "2025.06.24"]
[Round "1"]
[White "Tsiolakidis, Anastasios"]
[Black "Saya, Ethan"]
[Result "0-1"]
[WhiteTitle "FM"]
[BlackTitle "FM"]
[WhiteElo "2298"]
[BlackElo "2262"]
[WhiteFideId "4201477"]
[BlackFideId "26095181"]
[EventDate "2025.06.24"]

1. e4 d5 2. e5 c5 3. c4 Nc6 4. cxd5 Nxe5 5. Nc3 Nf6 6. Bb5+ Bd7 7. Qe2 Bxb5 8.
Qxb5+ Qd7 9. Qe2 Ng6 10. Nf3 Nf4 11. Qc4 N4xd5 12. O-O e6 13. Ne5 Qc7 14. d4
Nxc3 15. bxc3 Bd6 16. f4 O-O 0-1

[Event "Titled Tue 24th Jun Early"]
[Site "chess.com INT"]
[Date "2025.06.24"]
[Round "1"]
[White "Ritviz, Parab"]
[Black "Niemann, Hans Moke"]
[Result "0-1"]
[WhiteTitle "IM"]
[BlackTitle "GM"]
[WhiteElo "2356"]
[BlackElo "2736"]
[WhiteFideId "5073367"]
[BlackFideId "2093596"]
[EventDate "2025.06.24"]

1. e4 e5 2. Nf3 Nc6 3. Bb5 a6 4. Ba4 Nf6 5. O-O Be7 6. d4 exd4 7. e5 Ne4 8. Nxd4
Nxd4 9. Qxd4 Nc5 10. Nc3 O-O 11. Bf4 Ne6 12. Qe4 Nxf4 13. Qxf4 d5 14. Rad1 c6
15. Ne2 f6 16. c4 fxe5 17. Qxe5 Bd6 18. Qd4 Qc7 19. Ng3 Rf4 20. Qe3 Rxc4 21.
Qe8+ Bf8 22. Bb3 Rf4 23. Rfe1 Qf7 24. Qd8 Qd7 0-1

[Event "Titled Tue 24th Jun Early"]
[Site "chess.com INT"]
[Date "2025.06.24"]
[Round "1"]
[White "Odabasi, Ruzgar"]
[Black "Mariano, Fabian Glen"]
[Result "1-0"]
[WhiteTitle "CM"]
[BlackTitle "FM"]
[WhiteElo "2170"]
[BlackElo "2401"]
[WhiteFideId "51604787"]
[BlackFideId "7129041"]
[EventDate "2025.06.24"]

1. g3 e5 2. Bg2 d5 3. d3 h6 4. Nf3 Bd6 5. O-O Nf6 6. Nc3 O-O 7. e4 d4 8. Ne2 c5
9. Nd2 Nc6 10. f4 Bc7 11. a4 a6 12. Nc4 Be6 13. fxe5 Nxe5 14. Nxe5 Bxe5 15. Bf4
Qd6 16. Bxe5 Qxe5 17. Qd2 b5 18. Qf4 Ng4 19. Qxe5 Nxe5 20. Nf4 Rfb8 21. Nxe6
fxe6 22. axb5 axb5 23. Bh3 Nf3+ 24. Kg2 Ng5 25. Bg4 Rxa1 26. Rxa1 Rb6 27. Ra8+
Kf7 28. h4 Nh7 29. Rc8 Nf6 30. Rc7+ Kf8 31. Bf3 c4 32. e5 Ne8 33. Rc8 Ke7 34.
Bc6 cxd3 35. cxd3 1-0

[Event "Titled Tue 24th Jun Early"]
[Site "chess.com INT"]
[Date "2025.06.24"]
[Round "1"]
[White "Indjic, Aleksandar"]
[Black "Aaron, Deepak"]
[Result "1-0"]
[WhiteTitle "GM"]
[WhiteElo "2661"]
[BlackElo "2318"]
[WhiteFideId "911925"]
[BlackFideId "2009412"]
[EventDate "2025.06.24"]

1. e4 e6 2. d4 d5 3. Nc3 Nf6 4. e5 Nfd7 5. Nce2 c5 6. c3 Nc6 7. Nf3 Qb6 8. a3 a5
9. Nf4 cxd4 10. cxd4 g5 11. Ne2 g4 12. Nfg1 Ndxe5 13. dxe5 Bc5 14. Be3 Bxe3 15.
fxe3 Qxe3 16. Qd2 Qxe5 17. h3 g3 18. Nf3 Qg7 19. Nf4 Rg8 20. Bb5 Bd7 21. O-O Qh6
22. Rfe1 O-O-O 23. Rac1 Kb8 24. Bxc6 Bxc6 25. Ne5 Bb5 26. Nxf7 Qf6 27. Nxd8 Rxd8
28. Rxe6 Qf5 29. Qxa5 Rf8 30. Qxb5 Qxf4 31. Re8+ Rxe8 32. Qxe8+ Ka7 33. Rf1 Qd4+
34. Kh1 1-0

[Event "Titled Tue 24th Jun Early"]
[Site "chess.com INT"]
[Date "2025.06.24"]
[Round "1"]
[White "Exposito Milan, Adrian"]
[Black "Ghimoyan, Narek"]
[Result "0-1"]
[WhiteTitle "FM"]
[BlackTitle "CM"]
[WhiteElo "2179"]
[BlackElo "2273"]
[WhiteFideId "24556645"]
[BlackFideId "13315412"]
[EventDate "2025.06.24"]

1. d4 Nf6 2. Bf4 d5 3. e3 c5 4. Nf3 Nc6 5. Nbd2 Bg4 6. c3 e6 7. Bd3 cxd4 8. exd4
Bd6 9. Bg3 O-O 10. O-O Bxg3 11. hxg3 a6 12. Re1 h6 13. b4 Rc8 14. Nb3 Ne7 15.
Qd2 Bf5 16. Nc5 Bxd3 17. Qxd3 Qc7 18. a4 b6 19. Nxa6 Qxc3 20. Qb5 Ne4 21. Qxb6
Qb2 22. Rf1 Rc2 23. Rab1 Qa2 24. Ra1 Qb2 25. Rab1 Qc3 26. Nc5 Nf5 27. Nxe4 dxe4
28. Ne5 e3 29. g4 exf2+ 30. Kh2 Qg3+ 31. Kh1 Qh4# 0-1

[Event "Titled Tue 24th Jun Early"]
[Site "chess.com INT"]
[Date "2025.06.24"]
[Round "1"]
[White "Watanabe, Akira"]
[Black "Besou, Hussain"]
[Result "1/2-1/2"]
[WhiteTitle "FM"]
[BlackTitle "FM"]
[WhiteElo "2284"]
[BlackElo "2350"]
[WhiteFideId "7000227"]
[BlackFideId "16269950"]
[EventDate "2025.06.24"]

1. d4 Nf6 2. c4 c6 3. Nc3 d5 4. e3 g6 5. Nf3 Bg7 6. Be2 O-O 7. O-O a5 8. b3 Na6
9. Bb2 Nc7 10. Rc1 Bd7 11. Ne5 b5 12. cxb5 cxb5 13. Nd3 b4 14. Na4 Bxa4 15. bxa4
Nce8 16. Nc5 Nd6 17. f3 Bh6 18. Qb3 Nf5 19. f4 Nd6 20. Bb5 e6 21. a3 Nfe4 22.
Rfd1 Qh4 23. Rc2 bxa3 24. Bxa3 Rfc8 25. Nxe4 Nxe4 26. Rdc1 Rxc2 27. Qxc2 Bf8 28.
Bxf8 Kxf8 29. g3 Qe7 30. Qc7 Qb4 31. Qb7 Re8 32. Qc6 Qd2 33. Qxe8+ Kg7 34. Rf1
Qxe3+ 35. Kg2 Qxd4 36. Qe7 Qd2+ 37. Kg1 Qe3+ 38. Kg2 Qd2+ 39. Kg1 Qe3+ 40. Kg2
Qd2+ 1/2-1/2

[Event "Titled Tue 24th Jun Early"]
[Site "chess.com INT"]
[Date "2025.06.24"]
[Round "1"]
[White "Grot, Blazej"]
[Black "Boramanikar, Tanisha S"]
[Result "1-0"]
[WhiteTitle "CM"]
[BlackTitle "WCM"]
[WhiteElo "2187"]
[BlackElo "1743"]
[WhiteFideId "21835845"]
[BlackFideId "35023454"]
[EventDate "2025.06.24"]

1. d4 Nf6 2. c4 g6 3. Nc3 d5 4. cxd5 Nxd5 5. e4 Nxc3 6. bxc3 Bg7 7. Nf3 O-O 8.
Be2 c5 9. O-O Nc6 10. Be3 Bg4 11. d5 Na5 12. Bxc5 Bxc3 13. Rc1 Bg7 14. Bd4 Bxf3
15. Bxf3 Bxd4 16. Qxd4 Nc6 17. Qb2 Na5 18. Rfd1 Rc8 19. h4 Nc4 20. Qd4 b5 21. h5
Qd6 22. Be2 Na3 23. e5 Qa6 24. d6 exd6 25. exd6 Nc2 26. Qf6 Qxa2 27. h6 1-0

[Event "Titled Tue 24th Jun Early"]
[Site "chess.com INT"]
[Date "2025.06.24"]
[Round "1"]
[White "Kornev, Alexei"]
[Black "Huh, Isaak"]
[Result "1-0"]
[WhiteTitle "GM"]
[BlackTitle "CM"]
[WhiteElo "2500"]
[BlackElo "2139"]
[WhiteFideId "4120949"]
[BlackFideId "13209590"]
[EventDate "2025.06.24"]

1. d4 d5 2. c4 c6 3. Nf3 Nf6 4. Nc3 g6 5. g3 Bg7 6. Bg2 O-O 7. O-O a5 8. b3 Bf5
9. Nh4 Be6 10. cxd5 cxd5 11. Bf4 Nc6 12. Rc1 Qb6 13. Nf3 Rfd8 14. Na4 Qa7 15.
Nc5 Bf5 16. Ne5 Nxe5 17. Bxe5 Rac8 18. Qd2 b6 19. Na4 Ne4 20. Qe3 f6 21. g4 fxe5
22. gxf5 exd4 23. Qh3 Rxc1 24. Rxc1 b5 25. fxg6 bxa4 26. Rc8 Qb6 27. Qd7 Rf8 28.
Qxd5+ Kh8 29. Rxf8+ Bxf8 30. Qf7 Qxg6 31. Qxf8+ Qg8 32. Qxg8+ Kxg8 33. Bxe4 axb3
34. axb3 1-0

[Event "Titled Tue 24th Jun Early"]
[Site "chess.com INT"]
[Date "2025.06.24"]
[Round "1"]
[White "Kjaergaard-Jensen, Jesper"]
[Black "Dominguez Exposito, Ibon"]
[Result "1-0"]
[WhiteTitle "CM"]
[BlackTitle "CM"]
[WhiteElo "2081"]
[BlackElo "2201"]
[WhiteFideId "1406990"]
[BlackFideId "54589452"]
[EventDate "2025.06.24"]

1. d4 d5 2. Nf3 Nf6 3. c3 e6 4. Bg5 Nbd7 5. Nbd2 c6 6. e4 dxe4 7. Nxe4 Be7 8.
Bxf6 Nxf6 9. Nxf6+ Bxf6 10. Bd3 O-O 11. Qe2 Re8 12. Ne5 Bxe5 13. dxe5 Qg5 14.
O-O b6 15. Qe4 Bb7 16. Qxh7+ Kf8 17. f4 Qh6 18. Qxh6 gxh6 19. Be4 Rad8 20. Rfd1
Ke7 21. Kf2 f5 22. exf6+ Kxf6 23. Ke3 e5 24. f5 h5 25. g3 h4 26. g4 Kg5 27. Rf1
Rd6 28. Rad1 Red8 29. Rxd6 Rxd6 30. h3 Ba6 31. Rf2 Rd1 32. f6 Rd8 33. Rf5+ Kh6
34. Rh5# 1-0

[Event "Titled Tue 24th Jun Early"]
[Site "chess.com INT"]
[Date "2025.06.24"]
[Round "1"]
[White "Fernandez Siles, Luis"]
[Black "Wan, Yunguo"]
[Result "0-1"]
[WhiteTitle "FM"]
[BlackTitle "GM"]
[WhiteElo "2170"]
[BlackElo "2501"]
[WhiteFideId "2209420"]
[BlackFideId "8603189"]
[EventDate "2025.06.24"]

1. e4 c5 2. Nf3 e6 3. c3 Nf6 4. e5 Nd5 5. Bc4 d6 6. d4 cxd4 7. cxd4 Be7 8. O-O
O-O 9. Qe2 Bd7 10. Nc3 Nxc3 11. bxc3 Bc6 12. Bd3 Nd7 13. exd6 Bxd6 14. Re1 Rc8
15. Bd2 Re8 16. Ng5 Nf6 17. Qe3 Bxh2+ 18. Kh1 h6 19. Qh3 Bb8 20. Nf3 Bxf3 21.
gxf3 Qd5 22. Rg1 Qh5 23. Qxh5 Nxh5 24. Bxh6 Bf4 25. Bxf4 Nxf4 26. Bb5 Red8 27.
Rac1 Nd5 28. c4 Nf4 29. Rg4 Ne2 30. Rd1 a6 31. Rd2 Nc3 0-1

[Event "Titled Tue 24th Jun Early"]
[Site "chess.com INT"]
[Date "2025.06.24"]
[Round "1"]
[White "Carnicelli, Valerio"]
[Black "Anupam, M Sreekumar"]
[Result "1-0"]
[WhiteTitle "FM"]
[BlackTitle "WCM"]
[WhiteElo "2396"]
[BlackElo "1943"]
[WhiteFideId "856185"]
[BlackFideId "45033501"]
[EventDate "2025.06.24"]

1. e4 e5 2. Nf3 Nc6 3. d4 exd4 4. Nxd4 Nf6 5. Nxc6 bxc6 6. e5 Nd5 7. c4 Nb6 8.
Bd3 Bb4+ 9. Bd2 Qe7 10. O-O Ba6 11. b3 Bxd2 12. Qxd2 O-O 13. Re1 Qc5 14. Nc3
Rad8 15. Ne4 Qe7 16. Ng5 h6 17. Nh7 Rfe8 18. Nf6+ Kh8 19. Nxe8 Rxe8 20. Rad1 Qe6
21. Bb1 Qg4 22. h3 Qh5 23. Qd3 g6 24. Qe3 Kg7 25. Qd4 Kh7 26. Qf4 Bb7 27. Qxf7+ 1-0

[Event "Titled Tue 24th Jun Early"]
[Site "chess.com INT"]
[Date "2025.06.24"]
[Round "1"]
[White "Zhou, Abigail"]
[Black "Shevchenko, Yaroslav"]
[Result "0-1"]
[WhiteTitle "WCM"]
[WhiteElo "1780"]
[BlackElo "2179"]
[WhiteFideId "39922081"]
[BlackFideId "34144684"]
[EventDate "2025.06.24"]

1. e4 c5 2. Nf3 e6 3. d4 cxd4 4. Nxd4 Nc6 5. c4 Nf6 6. Nc3 Bb4 7. Nxc6 bxc6 8.
Bd3 e5 9. O-O Bc5 10. Bg5 O-O 11. Qf3 d6 12. Bc2 Be6 13. Bb3 h6 14. Bxf6 Qxf6
15. Qxf6 gxf6 16. Na4 Bd4 17. Rad1 c5 18. Rd3 Rab8 19. Rg3+ Kh7 20. Kh1 Rb4 21.
Rc1 Rfb8 22. Rf3 Kg6 23. Rg3+ Kh7 24. Rf3 Kg7 25. Rg3+ Kf8 26. Rf3 Ke7 27. Rg3
Bxf2 28. Rf3 Bd4 29. Rcf1 Bxc4 30. Bxc4 Rxc4 31. b3 Rc2 32. Rxf6 Rf8 33. Rxh6
Rxa2 34. Rhf6 Ra3 35. R6f3 c4 36. h3 cxb3 37. Nc3 Bxc3 38. Rxc3 a5 39. Rc7+ Ke6
40. Rb7 a4 41. Rb6 Ra2 42. Rd1 Rd8 43. Rb1 Ke7 44. Rb7+ Rd7 45. Rb6 Rc7 46. Rd1
b2 47. Rdxd6 Ra1+ 48. Kh2 b1=Q 49. Rb2 Qg1+ 50. Kg3 Qe3+ 51. Kh2 Qf4+ 52. g3 Qf3
53. Rdd2 Qh1# 0-1